000 00594nam a2200217Ia 4500
005 20240216120828.0
008 140110s9999 xx 000 0 und d
020 _a9788184570526
_cRs 995
040 _aLoreto College
041 _aEnglish
082 _a370.954
_bPRA
100 _aPrasad, Janardan
245 _aPanorama of Indian Education,
_cJanardan Prasad
260 _aNew Delhi
_bKanishka Publishers Distributors
_c2008
300 _a384p
504 _aIncludes bibliography and index
650 _aEducation
651 _aEducation, India
850 _aLCLIB
942 _cBK
999 _c20239
_d70718